000 00811nam a2200229Ii 4500
003 JO-AjNU
008 230605s9999||||xx |||||||||||||| ||und||
017 _a2009/6/2608
020 _a9957-16-547-5
040 _aJO-AjNU
_bara
_erda
_cJO-AjNU
041 _aara
050 1 4 _aKMM1043.U83.2010
100 3 _a العطير ، عبد القادر ,
_eauthor
_925312
245 0 0 _aالتأمين البري في التشريع " دراسة مقارنة "
250 _aط5
264 3 1 _aعمان : دار الثقافة ، 2010
300 _a352ص
_bيشتمل على مراجع ببلوغرافية ص ( 347 - 352 )
336 _atext
_btxt
_2rdacontent
337 _aunmediated
_bn
_2rdamedia
338 _avolume
_bnc
_2rdacarrier
650 4 _aالتأمين -- التأمين ضد الحوادث
_925313
999 _aA9450
_c13018
_d13018